Πρόγραμμα οικονομικής και κοινωνικής ανάπτυξης : 1983-1987 : προκαταρκτικά τελική εισήγηση
Αποθηκεύτηκε σε:
| Μορφή: | Βιβλίο |
|---|---|
| Γλώσσα: | Greek |
| Δημοσίευση: |
Αθήνα :
ΚΕΠΕ,
1985.
|
| Θέματα: | |
| Ετικέτες: |
Προσθήκη ετικέτας
Δεν υπάρχουν, Καταχωρήστε ετικέτα πρώτοι!
|
MARC
| LEADER | 00000cam a2200000 i 4500 | ||
|---|---|---|---|
| 001 | 1/57403 | ||
| 008 | 941118s1985 gre d | ||
| 035 | |l 10000154 | ||
| 040 | |a GR-MY-UA |b gre |e aacr | ||
| 041 | 0 | |a gre | |
| 082 | 0 | |a 338.9495 |2 (22) | |
| 245 | 1 | 0 | |a Πρόγραμμα οικονομικής και κοινωνικής ανάπτυξης : |b 1983-1987 : προκαταρκτικά τελική εισήγηση / |c Υπουργείο Εθνικής Οικονομίας. Κέντρο Προγραμματισμού και Οικονομικών Ερευνών |
| 260 | |a Αθήνα : |b ΚΕΠΕ, |c 1985. | ||
| 300 | |a 277 σ. ; | ||
| 650 | 0 | 0 | |a Economic development projects |z Greece. |
| 650 | 0 | 0 | |a Regional planning |z Greece. |
| 651 | 0 | |a Greece |x Economic policy. | |
| 852 | |a INST |b CHIOS |e 19990309 |h 338.9495 ΠΡΟ |p 005200014629 |q 005200014629 |t BK |y 0 | ||
| 852 | |a INST |b LESVOS |e 19941118 |h 338.9495 ΠΡΟ |p 005100024612 |q 005100024612 |t BK |y 0 | ||
| 909 | |a Λ |b 015070 | ||
| 909 | |a Χ |b 055556 | ||
| 922 | |a 2ΔΩΡ |b 199903 |d ΛΕΜΟΝΙΑ | ||